Name DC Heroes by their nickname Quiz Stats

Quiz not verified by Sporcle

Also try: Zodiac Symbols
Challenge
Share
Tweet
Embed
Score 0/8 Timer 10:00
0 Plays Today
Hint Answer % Correct
The Man of Steel Superman
100%
The Dark Knight Batman
100%
The Scarlet SpeedsterThe Flash
92.3%
The Amazing AmazonWonder Woman
92.3%
The Guardian of Willpower Green Lantern
92.3%
The Emerald Archer Green Arrow
84.6%
The Man from Mars Martian Manhunter
84.6%
15.4%

You're not logged in!

Compare scores with friends on all Sporcle quizzes.
Join for Free
OR
Log In

You Might Also Like...

Show Comments

Extras

Created May 18, 2017ReportNominate
Tags:here, nickname

Top Quizzes Today


Score Distribution

Your Account Isn't Verified!

In order to create a playlist on Sporcle, you need to verify the email address you used during registration. Go to your Sporcle Settings to finish the process.

Report this User

Report this user for behavior that violates our Community Guidelines.

Details: